| 000 | 00874nam a2200241Ia 4500 | ||
|---|---|---|---|
| 003 | OSt | ||
| 005 | 20220923220804.0 | ||
| 006 | a|||||r|||| 00| 0 | ||
| 007 | ta | ||
| 008 | 220922b |||||||| |||| 00| 0 hin d | ||
| 024 | _a190,465 | ||
| 037 | _cTextual | ||
| 040 |
_aARTS _cARTS _bhin |
||
| 041 |
_2hin _ahin |
||
| 082 | _aR6x, 152L0 | ||
| 100 |
_aसहजानन्द _9156277 |
||
| 245 | 0 | _aसहजानन्द शास्त्रमाला* सहजानन्द गीता, संपा मूलचन्द जैन | |
| 246 | _aSahajānanda shāstramālā: sahajānanda gītā, sanpā0 mūlachanda jaina | ||
| 260 |
_aमेरठ _b सहजानन्द शास्त्रमाला _c1970 |
||
| 300 |
_a194पृ. _ccm. |
||
| 942 |
_hR6x, 152L0 _cTEXL _2CC |
||
| 999 |
_c343240 _d343240 |
||